Contemporary retailing (Record no. 79830)

MARC details
000 -LEADER
fixed length control field 01325nam a2200253 a 4500
008 - FIXED-LENGTH DATA ELEMENTS--GENERAL INFORMATION
fixed length control field 120416s1982 ||||||||||||||||| || u
020 ## - INTERNATIONAL STANDARD BOOK NUMBER
International Standard Book Number 0131702661
050 ## - LIBRARY OF CONGRESS CALL NUMBER
Classification number HF 5429 Bol
100 ## - MAIN ENTRY--PERSONAL NAME
Personal name Bolen, William H., 1943-
245 10 - TITLE STATEMENT
Title Contemporary retailing
250 ## - EDITION STATEMENT
Edition statement 2nd. ed.
260 ## - PUBLICATION, DISTRIBUTION, ETC.
Place of publication, distribution, etc. Englewood Cliffs, N.J.:
Name of publisher, distributor, etc. FT Prentice-Hall
Date of publication, distribution, etc. 1982
300 ## - PHYSICAL DESCRIPTION
Extent xxi, 561p.: ill
350 ## -
-- 0.00
500 ## - GENERAL NOTE
General note Includes bibliographical references and index.
650 #0 - SUBJECT ADDED ENTRY--TOPICAL TERM
Topical term or geographic name entry element MARKETING
650 ## - SUBJECT ADDED ENTRY--TOPICAL TERM
Topical term or geographic name entry element MERCHANDISING
650 ## - SUBJECT ADDED ENTRY--TOPICAL TERM
Topical term or geographic name entry element RETAIL TRADE
995 ## -
-- ANNEX COLLECTION (Main Library)
-- 0.00
-- 709369
-- CBU-MAIN LIBRARY (Kitwe)
-- 2
-- 0.00
-- HF 5429 Bol
-- AVAILABLE
-- 004572
-- Annex Low-Usage Collection
995 ## -
-- ANNEX COLLECTION (Main Library)
-- 0.00
-- 709368
-- CBU-MAIN LIBRARY (Kitwe)
-- 3
-- 0.00
-- HF 5429 Bol
-- AVAILABLE
-- 004573
-- Annex Low-Usage Collection
995 ## -
-- ANNEX COLLECTION (Main Library)
-- 0.00
-- 709371
-- CBU-MAIN LIBRARY (Kitwe)
-- 4
-- 0.00
-- HF 5429 Bol
-- AVAILABLE
-- 004571
-- Annex Low-Usage Collection
995 ## -
-- MAIN LIBRARY OPEN ACCESS
-- 0.00
-- 004906
-- CBU-MAIN LIBRARY (Kitwe)
-- 5
-- 0.00
-- HF 5429 Bol
-- AVAILABLE
-- 004906
-- Main Library Open Access Collection
995 ## -
-- MAIN LIBRARY OPEN ACCESS
-- 0.00
-- 004570
-- CBU-MAIN LIBRARY (Kitwe)
-- 1
-- 0.00
-- HF 5429 Bol
-- AVAILABLE
-- 004570
-- Main Library Open Access Collection
999 ## -
-- 79830
-- 79830
Holdings
Withdrawn status Lost status Source of classification or shelving scheme Damaged status Not for loan Permanent Location Current Location Shelving location Date acquired Total Checkouts Full call number Barcode Date last seen Copy number Price effective from Koha item type
          CBU-MAIN LIBRARY, KITWE. CBU-MAIN LIBRARY, KITWE.   06/29/2023   HF 5429 Bol 004572 06/29/2023 1 06/29/2023 MONOGRAPH
          CBU-MAIN LIBRARY, KITWE. CBU-MAIN LIBRARY, KITWE.   06/29/2023   HF 5429 Bol 004573 06/29/2023 2 06/29/2023 MONOGRAPH
Withdrawn         CBU-MAIN LIBRARY, KITWE. CBU-MAIN LIBRARY, KITWE.   06/29/2023   HF 5429 Bol 004571 06/29/2023 3 06/29/2023 MONOGRAPH
          CBU-MAIN LIBRARY, KITWE. CBU-MAIN LIBRARY, KITWE.   06/29/2023   HF 5429 Bol 004906 06/29/2023 4 06/29/2023 MONOGRAPH
          CBU-MAIN LIBRARY, KITWE. CBU-MAIN LIBRARY, KITWE.   06/29/2023   HF 5429 Bol 004570 06/29/2023 5 06/29/2023 MONOGRAPH